000 00887nas a2200289 4500
001 BR0905434
003 BR-BrBNA
005 20231205113659.0
007 ta
008 230509b bl.|||p| |||| 00| 00por d
040 _aBR-BrBNA
_bpor
_cBiblioteca Nacional de Agricultura
041 _a(Pt)
072 _aF04
100 1 _aRamos, S.J.
100 1 _aAlves, D.S.
100 1 _aFernandes, L.A.
100 1 _aCosta, C.A. da
245 1 _aRendimento de feijão e alterações no pH e na matéria orgânica do solo em função de doses de composto de resíduo de algodão
650 _aFEIJÃO
650 _aRESÍDUO ORGÂNICO
650 _aSOLO
650 _aCOMPOSTO ORGÂNICO
650 _aALGODÃO
773 0 _tCIência Rural (Brazil)
_xISSN 0103-8478
_g(Aug 2009), v. 39(5) p. 1572-1576
_wBR0905434
909 _a202311
_bLúcia
_c55
_dLúcia Elande
942 _2AGRIS
_n0
_cANA
999 _c205039
_d205039